Wars the United States Has Been a Part of by Year - Statistics

General Stats
  • This quiz has been taken 15 times
    14 since last reset
  • The average score is 9 of 12
Answer Stats
Hint Answer % Correct
1964-1975 Vietnam War
93%
1917-1918 World War I
93%
1941-1945 World War II
93%
1861-1865 Civil War
86%
1950-1953 Korean War
86%
1898-1902 Spanish-American War
79%
1812-1815 War of 1812
79%
1775-1783 American Revolution
71%
1846-1848 Mexican-American War
57%
1990-1991 Desert Storm
43%
approx. 1817-1898 Indian Wars
43%
2001-2021 War on Terror
43%
No matching quizzes found
Score Distribution
Percent of People with Each Score
Percentile by Number Answered
Your Score History
You have not taken this quiz since the last reset